Guess the Language - Statistics

General Stats
  • This quiz has been taken 26 times
    14 since last reset
  • The average score is 8 of 20
Answer Stats
Hint Answer % Correct
Cerveza Spanish
86%
Raisins secs French
71%
Farfalla Italian
71%
Čovjek-stroj Croatian
57%
Forfatning Danish
57%
Slaverit Finnish
57%
Hrad Czech
43%
Sajt Hungarian
43%
Bonum Latin
43%
Tatil Turkish
43%
Jayid Arabic
29%
Tánpàn Chinese
29%
Muusikaline Estonian
29%
Proí Greek
29%
Eiti Lithuanian
29%
Japaninya Amharic
14%
Bundok Filipino
14%
Satsobi Georgian
14%
Bodo mal Kyrgyz
14%
Dans Afrikaans/Dutch
0%
No matching quizzes found
Score Distribution
Percent of People with Each Score
Percentile by Number Answered
Your Score History
You have not taken this quiz since the last reset